000 00641nam a22002177a 4500
003 OSt
005 20251022143028.0
008 251022b |||||||| |||| 00| 0 eng d
020 _a9780273719090
040 _cMUST
082 _24th
_a658 WAL 2008
100 _aWalsh Ciaran
_919485
245 _aKey Management Ratios: The 100+ Ratios Every Mnager Needs to Know
260 _aNew YORK
_bPrentice
_cc2008
300 _axiii, 393p.:
_bcol.ill. ;
_c24cm.
504 _aincludes Appendix, Glossary and Index
650 _2Ratio analysis
650 _2Management statistical mehods
700 _aCiaran Walsh
_919486
942 _2ddc
_cO_SHELF
999 _c9580
_d9580